Countries where Zara Larsson has been on tour - Statistics

General Stats
  • This quiz has been taken 14 times
  • The average score is 27 of 31
Answer Stats
Tour Country % Correct
Venus; Midnight Sun France
100%
So Good; Don't Worry About Me; Venus; Midnight Sun Germany
100%
So Good; Don't Worry About Me; Venus Italy
100%
So Good; Don't Worry About Me; Poster Girl; Venus; Midnight Sun: Netherlands
100%
Don't Worry About Me; Poster Girl; Midnight Sun Norway
100%
Venus; Midnight Sun Poland
100%
Don't Worry About Me; Poster Girl Sweden
100%
So Good; Don't Worry About Me; Venus; Midnight Sun United Kingdom
100%
Midnight Sun Australia
92%
Venus; Midnight Sun Belgium
92%
Venus; Midnight Sun Canada
92%
Poster Girl;Midnight Sun Denmark
92%
Poster Girl;Midnight Sun Finland
92%
So Good; Midnight Sun Ireland
92%
Midnight Sun Mexico
92%
Midnight Sun New Zealand
92%
Midnight Sun Spain
92%
So Good; Venus; Midnight Sun Switzerland
92%
Don't Worry About Me; Venus; Midnight Sun United States
92%
Venus; Midnight Sun Austria
85%
Midnight Sun Portugal
85%
Midnight Sun Romania
85%
So Good Argentina
77%
So Good Brazil
77%
So Good Chile
77%
Venus Czech Republic
77%
So Good; Venus Iceland
77%
Poster Girl;Midnight Sun Hungary
69%
Midnight Sun Latvia
69%
Poster Girl Lithuania
69%
Poster Girl Slovakia
46%
No matching quizzes found
Score Distribution
Percent of People with Each Score
Percentile by Number Answered
Your Score History
You have not taken this quiz